| 000 | 00799nam a22002297a 4500 | ||
|---|---|---|---|
| 999 |
_c16996 _d16996 |
||
| 003 | AR-CdUCM | ||
| 008 | 190507b ||||| |||| 00| 0 spa d | ||
| 040 |
_aMUNICIPALIDAD PROVINCIAL DEL CUSCO _cBIBLIOTECA MUNICIPAL DEL CUSCO |
||
| 082 |
_a191 / _bS21 |
||
| 100 |
_aSantayana, George _936795 |
||
| 245 | _aLa vida de la razón o fases del progreso humano / | ||
| 260 |
_aBuenos Aires : _bNova, _c1954. |
||
| 300 |
_a556 páginas ; _c24 cm. |
||
| 440 |
_aColección la vida del espíritu _931289 |
||
| 505 | _aContenido : La razón en el sentido común -- La razón en la sociedad -- La razón en la religión ... | ||
| 650 |
_aLa razón _935450 |
||
| 650 |
_aVida _9884 |
||
| 650 |
_aHumano _9596 |
||
| 700 |
_aKogan, Aída A. _936796 |
||
| 942 |
_2ddc _cLIBROS |
||
| 945 |
_arah _d07/05/2019 |
||